<?xml version="1.0" encoding="UTF-8"?>
<record
    xmlns:xsi="http://www.w3.org/2001/XMLSchema-instance"
    xsi:schemaLocation="http://www.loc.gov/MARC21/slim http://www.loc.gov/standards/marcxml/schema/MARC21slim.xsd"
    xmlns="http://www.loc.gov/MARC21/slim">

  <leader>02972cam a22004094a 4500</leader>
  <controlfield tag="001">14629413</controlfield>
  <controlfield tag="003">UOELD</controlfield>
  <controlfield tag="005">20131219102004.0</controlfield>
  <controlfield tag="008">061107s2007    enka     b    001 0 eng  </controlfield>
  <datafield tag="010" ind1=" " ind2=" ">
    <subfield code="a">  2006036527</subfield>
  </datafield>
  <datafield tag="020" ind1=" " ind2=" ">
    <subfield code="a">9781845932190 (alk. paper)</subfield>
  </datafield>
  <datafield tag="020" ind1=" " ind2=" ">
    <subfield code="a">1845932196 (alk. paper)</subfield>
  </datafield>
  <datafield tag="035" ind1=" " ind2=" ">
    <subfield code="a">(OCoLC)ocm76261694</subfield>
  </datafield>
  <datafield tag="035" ind1=" " ind2=" ">
    <subfield code="a">(OCoLC)76261694</subfield>
  </datafield>
  <datafield tag="040" ind1=" " ind2=" ">
    <subfield code="a">DNAL/DLC</subfield>
    <subfield code="c">DLC</subfield>
    <subfield code="d">BTCTA</subfield>
    <subfield code="d">BAKER</subfield>
    <subfield code="d">YDXCP</subfield>
    <subfield code="d">BWKUK</subfield>
    <subfield code="d">CUX</subfield>
    <subfield code="d">MUQ</subfield>
    <subfield code="d">DLC</subfield>
  </datafield>
  <datafield tag="042" ind1=" " ind2=" ">
    <subfield code="a">pcc</subfield>
  </datafield>
  <datafield tag="050" ind1="0" ind2="0">
    <subfield code="a">SF88</subfield>
    <subfield code="b">.L58 2007</subfield>
  </datafield>
  <datafield tag="070" ind1="0" ind2=" ">
    <subfield code="a">SF88</subfield>
    <subfield code="b">.L58 2007</subfield>
  </datafield>
  <datafield tag="082" ind1="0" ind2="0">
    <subfield code="a">636.08/3</subfield>
    <subfield code="2">22</subfield>
  </datafield>
  <datafield tag="245" ind1="0" ind2="0">
    <subfield code="a">Livestock handling and transport /</subfield>
    <subfield code="c">edited by T. Grandin.</subfield>
  </datafield>
  <datafield tag="250" ind1=" " ind2=" ">
    <subfield code="a">3rd ed.</subfield>
  </datafield>
  <datafield tag="260" ind1=" " ind2=" ">
    <subfield code="a">Wallingford, UK ;</subfield>
    <subfield code="a">Cambridge, MA :</subfield>
    <subfield code="b">CABI,</subfield>
    <subfield code="c">c2007.</subfield>
  </datafield>
  <datafield tag="300" ind1=" " ind2=" ">
    <subfield code="a">vii, 386 p. :</subfield>
    <subfield code="b">ill. ;</subfield>
    <subfield code="c">25 cm.</subfield>
  </datafield>
  <datafield tag="504" ind1=" " ind2=" ">
    <subfield code="a">Includes bibliographical references and index.</subfield>
  </datafield>
  <datafield tag="505" ind1="0" ind2=" ">
    <subfield code="a">Introduction : effect of customer requirements, international standards and marketing structure on the handling and transport of livestock and poultry / T. Grandin -- General principles of stress and well-being / P.B. Siegal &amp; W.B. Gross -- Causes of poor welfare and welfare assessment during handling and transport / D.M. Broom -- Behavioural principles of handling cattle and other grazing animals under extensive conditions / T. Grandin -- Low-stress restraint, handling and weaning of cattle / J.M. Stookey &amp; J.M. Watts -- Handling cattle raised in close association with people / R. Ewbank and M. Parker -- Handling facilities and restraint of range cattle / T. Grandin -- Dairy cattle behaviour, facilities, handling, transport, automation and well-being / J.L. Albright and W.K. Fulwider -- Cattle transport / T. Grandin and C. Gallo -- Behavioural principles of sheep handling / G.D. Hutson -- Design of sheep yards and shearing sheds / A. Barber and R.B. Freeman -- Sheep transport / M.S. Cockram -- Dogs for herding and guarding livestock / L. Coppinger and R. Coppinger -- Behavioural principles of pig handling / P.H. Hemsworth -- Transport of pigs / E. Lambooij -- Handling and transport of horses / K.A. Houpt -- Deer handling and transport / L.R. Matthews -- Poultry handling and transport / C.A. Weeks -- Stress physiology of animals during transport / T.G. Knowles and P.D. Warriss -- Handling and welfare of livestock in slaughter plants / T. Grandin -- Biosecurity for animal health and food safety / K.E. Belk, J.A. Scanga and T. Grandin.</subfield>
  </datafield>
  <datafield tag="650" ind1=" " ind2="0">
    <subfield code="a">Livestock</subfield>
    <subfield code="x">Handling.</subfield>
  </datafield>
  <datafield tag="650" ind1=" " ind2="0">
    <subfield code="a">Livestock</subfield>
    <subfield code="x">Transportation.</subfield>
  </datafield>
  <datafield tag="650" ind1=" " ind2="0">
    <subfield code="a">Livestock</subfield>
    <subfield code="x">Effect of stress on.</subfield>
  </datafield>
  <datafield tag="650" ind1="1" ind2="2">
    <subfield code="a">Animals, Domestic.</subfield>
  </datafield>
  <datafield tag="650" ind1="1" ind2="2">
    <subfield code="a">Transportation</subfield>
    <subfield code="x">methods.</subfield>
  </datafield>
  <datafield tag="700" ind1="1" ind2=" ">
    <subfield code="a">Grandin, Temple.</subfield>
  </datafield>
  <datafield tag="856" ind1="4" ind2="1">
    <subfield code="3">Table of contents only</subfield>
    <subfield code="u">http://www.loc.gov/catdir/toc/ecip075/2006036527.html</subfield>
  </datafield>
  <datafield tag="856" ind1="4" ind2="2">
    <subfield code="3">Publisher description</subfield>
    <subfield code="u">http://www.loc.gov/catdir/enhancements/fy0724/2006036527-d.html</subfield>
  </datafield>
  <datafield tag="906" ind1=" " ind2=" ">
    <subfield code="a">7</subfield>
    <subfield code="b">cbc</subfield>
    <subfield code="c">orignew</subfield>
    <subfield code="d">1</subfield>
    <subfield code="e">ecip</subfield>
    <subfield code="f">20</subfield>
    <subfield code="g">y-gencatlg</subfield>
  </datafield>
  <datafield tag="942" ind1=" " ind2=" ">
    <subfield code="2">lcc</subfield>
    <subfield code="c">SL2</subfield>
  </datafield>
  <datafield tag="999" ind1=" " ind2=" ">
    <subfield code="c">44</subfield>
    <subfield code="d">44</subfield>
  </datafield>
  <datafield tag="952" ind1=" " ind2=" ">
    <subfield code="0">0</subfield>
    <subfield code="1">0</subfield>
    <subfield code="2">lcc</subfield>
    <subfield code="4">0</subfield>
    <subfield code="7">0</subfield>
    <subfield code="a">UOE</subfield>
    <subfield code="b">UOE</subfield>
    <subfield code="c">SHO</subfield>
    <subfield code="d">2013-12-19</subfield>
    <subfield code="g">12075.00</subfield>
    <subfield code="l">0</subfield>
    <subfield code="o">SF88 .L58 2007</subfield>
    <subfield code="p">20147881</subfield>
    <subfield code="r">2026-04-27 09:34:31</subfield>
    <subfield code="w">2013-12-19</subfield>
    <subfield code="y">SL2</subfield>
  </datafield>
</record>
